[Event "zonal 1.2"]
[Site "Pula CRO"]
[Date "2000.04.11"]
[Round "1"]
[White "Dizdarevic, Emir"]
[Black "Smirin, Ilia"]
[Result "1/2-1/2"]
[WhiteElo "2520"]
[BlackElo "2665"]
[EventDate "2000.04.11"]
[PlyCount "97"]

1.Nf3 Nf6 2.g3 g6 3.b3 Bg7 4.Bb2 d6 5.d4 c5 6.Bg2 Qa5+ 7.c3 cxd4 8.Nxd4 
O-O 9.O-O Qh5 10.e4 Bg4 11.f3 Bd7 12.Re1 Qc5 13.Kh1 Nc6 14.Na3 a6 15.Nac2 
h5 16.c4 Ne5 17.Qd2 h4 18.g4 b5 19.cxb5 axb5 20.Nb4 e6 21.Rac1 Qb6 22.h3 
d5 23.f4 Nexg4 24.hxg4 dxe4 25.Ndc6 Nxg4 26.Bxg7 Kxg7 27.Ne5 Nf2+ 28.Kh2 
Rad8 29.Rc2 f6 30.Qxf2 Qxf2 31.Rxf2 fxe5 32.Rxe4 exf4 33.Rfxf4 g5 34.Rxf8 
Rxf8 35.Rd4 Bc8 36.Nd3 e5 37.Nxe5 Rf2 38.Kg1 Rxa2 39.Nf3 h3 40.Bxh3 Bxh3 
41.Rd5 g4 42.Ng5 Bg2 43.Rd4 g3 44.Rd3 Kf6 45.Rxg3 Bd5 46.Kf1 Rb2 47.Ke1 
Bxb3 48.Ne4+ Ke5 49.Nc5 1/2-1/2

[Event "zonal 1.2"]
[Site "Pula CRO"]
[Date "2000.04.11"]
[Round "1"]
[White "Ekstrom, Roland"]
[Black "Beliavsky, Alexander"]
[Result "0-1"]
[WhiteElo "2498"]
[BlackElo "2640"]
[EventDate "2000.04.11"]
[PlyCount "80"]

1.d4 Nf6 2.c4 e6 3.Nf3 b6 4.e3 Bb7 5.Bd3 Bb4+ 6.Nbd2 O-O 7.O-O a5 8.e4 d5 
9.cxd5 exd5 10.e5 Ne4 11.Qc2 Bxd2 12.Bxd2 Na6 13.a3 c5 14.Be3 Rc8 15.dxc5 
Naxc5 16.b4 axb4 17.axb4 Ne6 18.Qb2 d4 19.Nxd4 Nc3 20.Ba6 Bxa6 21.Nxe6 
fxe6 22.Rxa6 Qd3 23.Qa1 Nd5 24.Bxb6 Nxb4 25.Ra7 Nd5 26.Rd7 Ra8 27.Qd4 Qb5 
28.Rd6 Ra6 29.Bc5 Ra4 30.Rb6 Qa5 31.Qd1 Qxc5 32.Rxe6 Raf4 33.Qd2 Ne3 34.
Qa2 Kh8 35.Rb1 Nc2 36.h3 Rxf2 37.Kh1 Rf1+ 38.Rxf1 Rxf1+ 39.Kh2 Qg1+ 40.Kg3
Qf2+ 0-1

[Event "zonal 1.2"]
[Site "Pula CRO"]
[Date "2000.04.11"]
[Round "1"]
[White "Avrukh, Boris"]
[Black "Hulak, Krunoslav"]
[Result "1/2-1/2"]
[WhiteElo "2620"]
[BlackElo "2495"]
[EventDate "2000.04.11"]
[PlyCount "126"]

1.d4 Nf6 2.c4 e6 3.Nc3 Bb4 4.e3 c5 5.Ne2 d5 6.a3 Bxc3+ 7.Nxc3 cxd4 8.exd4 
dxc4 9.Bxc4 Nc6 10.Be3 h6 11.O-O O-O 12.Ba2 Ne7 13.Qf3 Nfd5 14.Rac1 b6 15.
Bb1 Bb7 16.Qg3 Kh8 17.Qh3 Ng8 18.Rfe1 Qd7 19.Bd2 Rac8 20.Re5 f5 21.Rce1 
Nxc3 22.Bxc3 Bd5 23.Qd3 Rf6 24.f3 Ne7 25.Qd2 Ng6 26.R5e3 a5 27.Bd3 Qd6 28.
Bb5 Nf4 29.Re5 Ng6 30.R5e3 Nf4 31.Qf2 Ng6 32.Qd2 Qd8 33.Qf2 Kh7 34.Bf1 Qd6
35.Qd2 Qc6 36.Rc1 Qb7 37.Ree1 Qf7 38.Qf2 Qb7 39.Bd2 Rff8 40.Bd3 Rc6 41.Qe2
Rxc1 42.Rxc1 Rc8 43.Rc3 Qd7 44.Be3 Kg8 45.Bb5 Qd8 46.Ba6 Rc6 47.Qc2 Qd7 
48.a4 Rd6 49.Bb5 Qe7 50.Rc7 Qf8 51.h4 Nxh4 52.Bf4 Ng6 53.Bxd6 Qxd6 54.Rc8+
Kh7 55.Qc7 Qb4 56.Qc3 Qe7 57.Qc2 Qh4 58.Bc4 Nf4 59.Qf2 Qg5 60.Kh2 Qh5+ 61.
Kg1 Qg5 62.Kh2 Qh5+ 63.Kg1 Qg5 1/2-1/2

[Event "zonal 1.2"]
[Site "Pula CRO"]
[Date "2000.04.11"]
[Round "1"]
[White "Stanec, Nikolaus"]
[Black "Sutovsky, Emil"]
[Result "1-0"]
[WhiteElo "2479"]
[BlackElo "2586"]
[EventDate "2000.04.11"]
[PlyCount "121"]

1.c4 g6 2.Nc3 Bg7 3.d4 Nf6 4.e4 d6 5.Be2 O-O 6.Nf3 e5 7.O-O Nbd7 8.Be3 c6 
9.d5 c5 10.Ne1 a6 11.Rb1 Qe7 12.a3 Ne8 13.b4 f5 14.f3 f4 15.Bf2 b6 16.Na4 
g5 17.g4 fxg3 18.hxg3 g4 19.bxc5 gxf3 20.Nxf3 Nxc5 21.Nxb6 Nxe4 22.Nxa8 
Bh3 23.Be1 N8f6 24.Nb6 Bh6 25.Nh2 Be3+ 26.Kh1 Bxf1 27.Bxf1 Qg7 28.Qf3 Qh6 
29.Bd3 Ng5 30.Qxe3 Ng4 31.Qd2 e4 32.Nd7 e3 33.Qg2 Nf2+ 34.Bxf2 Rxf2 35.Rf1
Rxg2 36.Nf6+ Kh8 37.Kxg2 Qh3+ 38.Kh1 h5 39.Ne8 Kg8 40.Nxd6 Qxg3 41.Nf5 Qe5
42.Rg1 Kf8 43.Rxg5 e2 44.Nf3 e1=Q+ 45.Nxe1 Qxe1+ 46.Rg1 Qc3 47.Rg3 Qc1+ 
48.Kg2 Kf7 49.Re3 Qd2+ 50.Kg3 Qc1 51.d6 Qg1+ 52.Kf3 Qh1+ 53.Ke2 Kf6 54.d7 
Qh2+ 55.Kd1 Qc7 56.Re7 h4 57.c5 Qa5 58.Rh7 h3 59.c6 Qb6 60.Ne3 Qd4 61.Ke2 
1-0

[Event "zonal 1.2"]
[Site "Pula CRO"]
[Date "2000.04.11"]
[Round "1"]
[White "Lutz, Christopher"]
[Black "Nedev, Trajce"]
[Result "1/2-1/2"]
[WhiteElo "2587"]
[BlackElo "2483"]
[EventDate "2000.04.11"]
[PlyCount "96"]

1.d4 Nf6 2.Nf3 g6 3.c4 Bg7 4.Nc3 O-O 5.e4 d6 6.Be2 e5 7.O-O exd4 8.Nxd4 
Re8 9.f3 Nc6 10.Be3 Nh5 11.Qd2 f5 12.Nxc6 bxc6 13.c5 fxe4 14.fxe4 Be5 15.
Bg5 Nf6 16.Rad1 Be6 17.cxd6 cxd6 18.Bf4 Ng4 19.Bxe5 dxe5 20.Qxd8 Raxd8 21.
Rxd8 Rxd8 22.Bxg4 Bxg4 23.Rf6 Bd7 24.Kf2 Rf8 25.Rxf8+ Kxf8 26.Na4 Be6 27.
a3 Ke7 28.Ke3 Kd6 29.b4 Bc8 30.Kd2 Ba6 31.h4 h6 32.Nc5 Bf1 33.g3 Bg2 34.
Ke3 Bf1 35.Nb7+ Kc7 36.Nc5 Kd6 37.Nd3 Bh3 38.Kd2 Bg2 39.Nc5 Bf1 40.Nb3 Bg2
41.Kd3 Bf1+ 42.Kc3 Bg2 43.Nd2 h5 44.Kd3 Bh3 45.Nc4+ Ke6 46.Ne3 Kd6 47.Kc3 
Bc8 48.Nc4+ Ke6 1/2-1/2

[Event "zonal 1.2"]
[Site "Pula CRO"]
[Date "2000.04.11"]
[Round "1"]
[White "Forster, Richard"]
[Black "Hertneck, Gerald"]
[Result "0-1"]
[WhiteElo "2462"]
[BlackElo "2571"]
[EventDate "2000.04.11"]
[PlyCount "78"]

1.e4 e6 2.d4 d5 3.Nd2 Nf6 4.e5 Nfd7 5.f4 c5 6.Ngf3 Nc6 7.Bd3 Qb6 8.dxc5 
Nxc5 9.Nb3 Nxd3+ 10.Qxd3 Nb4 11.Qe2 Qa6 12.Qf2 Bd7 13.a3 Nc6 14.Be3 Be7 
15.O-O-O b6 16.h4 h5 17.Rh3 g6 18.Ng5 Rc8 19.Kb1 Rc7 20.Rd2 Nd8 21.Bd4 Nb7
22.Rc3 Rxc3 23.Bxc3 Nc5 24.Bb4 Qc8 25.g4 hxg4 26.Bxc5 bxc5 27.Qg3 Qb7 28.
Ka2 Qb6 29.c3 Qa6 30.Nc1 Bc6 31.Qxg4 Qc4+ 32.Kb1 Bxg5 33.Qxg5 d4 34.Rd1 
Bf3 35.Rd2 Be4+ 36.Ka1 Qf1 37.f5 Qxc1+ 38.Ka2 c4 39.a4 a5 0-1

[Event "zonal 1.2"]
[Site "Pula CRO"]
[Date "2000.04.11"]
[Round "1"]
[White "Palac, Mladen"]
[Black "Zaja, Ivan"]
[Result "1-0"]
[WhiteElo "2571"]
[BlackElo "2452"]
[EventDate "2000.04.11"]
[PlyCount "103"]

1.e4 e5 2.Nf3 Nf6 3.d4 Nxe4 4.Bd3 d5 5.Nxe5 Nd7 6.Nxd7 Bxd7 7.O-O Nf6 8.
Re1+ Be7 9.Bf4 Bg4 10.Qd2 O-O 11.Nc3 c6 12.Ne2 Qd7 13.Ng3 Nh5 14.Nxh5 Bxh5
15.Bf5 Qd8 16.Re3 Bg6 17.Bxg6 fxg6 18.Rae1 Rf7 19.g3 Qd7 20.Re6 Bf8 21.Qe2
a6 22.h4 Rc8 23.Kg2 Rf6 24.Re3 Rf7 25.c3 h6 26.Qd3 Qf5 27.Qxf5 gxf5 28.Re8
Rxe8 29.Rxe8 Rd7 30.h5 Kf7 31.Rb8 Be7 32.Kf3 Bd8 33.Be5 Bg5 34.Ke2 Bd8 35.
b3 Be7 36.Ke3 Bg5+ 37.Kd3 Be7 38.a4 Bd8 39.c4 dxc4+ 40.bxc4 Be7 41.Ke3 
Bg5+ 42.f4 Be7 43.Kf3 Bb4 44.g4 fxg4+ 45.Kxg4 Bc3 46.d5 Bxe5 47.fxe5 cxd5 
48.Kf5 Ke7 49.e6 Rc7 50.cxd5 Kd6 51.Rd8+ Ke7 52.d6+ 1-0

[Event "zonal 1.2"]
[Site "Pula CRO"]
[Date "2000.04.11"]
[Round "1"]
[White "Gabriel, Christian"]
[Black "Grosar, Aljosa"]
[Result "1-0"]
[WhiteElo "2564"]
[BlackElo "2449"]
[EventDate "2000.04.11"]
[PlyCount "89"]

1.d4 Nf6 2.Bg5 e6 3.e4 h6 4.Bxf6 Qxf6 5.Nc3 d6 6.Qd2 g6 7.f4 Bg7 8.O-O-O 
a6 9.Nf3 b5 10.Bd3 b4 11.Ne2 a5 12.h4 Ba6 13.g4 Qe7 14.g5 e5 15.dxe5 dxe5 
16.f5 hxg5 17.hxg5 Rxh1 18.Rxh1 Nd7 19.f6 Nxf6 20.gxf6 Qxf6 21.Qe3 a4 22.
Nd2 Rd8 23.Bxa6 Qxa6 24.Kb1 Qb5 25.Nc1 Rd4 26.b3 Qc6 27.Ne2 Rd8 28.Nc4 Bf8
29.Nxe5 Qe6 30.Nc4 Bg7 31.e5 axb3 32.axb3 Ra8 33.Qd4 Qa6 34.Qb2 Rd8 35.Nf4
Qc6 36.Qc1 Ra8 37.Nd3 Qa6 38.Qb2 Qb7 39.Rh7 Kf8 40.Rh2 g5 41.Qd4 g4 42.Ne3
Qa6 43.Nxg4 Qa2+ 44.Kc1 Qa3+ 45.Kd2 1-0

[Event "zonal 1.2"]
[Site "Pula CRO"]
[Date "2000.04.11"]
[Round "1"]
[White "Kutuzovic, Branko"]
[Black "Gallagher, Joseph"]
[Result "1/2-1/2"]
[WhiteElo "2432"]
[BlackElo "2558"]
[EventDate "2000.04.11"]
[PlyCount "81"]

1.e4 c5 2.Nf3 e6 3.d4 cxd4 4.Nxd4 a6 5.Bd3 Bc5 6.Nb3 Be7 7.O-O d6 8.c4 Nf6
9.Nc3 Nbd7 10.f4 b6 11.Qe2 Bb7 12.Bd2 O-O 13.Rae1 Rc8 14.Rf3 Re8 15.Rh3 
Nf8 16.e5 N6d7 17.Qh5 g6 18.Qh6 f5 19.Nd5 dxe5 20.Nxe7+ Qxe7 21.fxe5 Nc5 
22.Nxc5 Qxc5+ 23.Kh1 Qf2 24.Rg3 Red8 25.Rf1 Qc5 26.Bc3 Rc7 27.h4 Rcd7 28.
Be2 Be4 29.Qe3 Qc6 30.Kh2 Bd3 31.Bxd3 Rxd3 32.Qxd3 Rxd3 33.Rxd3 Qxc4 34.
Rfd1 Qxh4+ 35.Kg1 Kg7 36.Rd4 Qg5 37.Bb4 Qe3+ 38.Kh1 Qh6+ 39.Kg1 Qe3+ 40.
Kh1 Qh6+ 41.Kg1 1/2-1/2

[Event "zonal 1.2"]
[Site "Pula CRO"]
[Date "2000.04.11"]
[Round "1"]
[White "Hickl, Jorg"]
[Black "Feletar, Darko"]
[Result "1-0"]
[WhiteElo "2556"]
[BlackElo "2410"]
[EventDate "2000.04.11"]
[PlyCount "69"]

1.g3 g6 2.Bg2 Bg7 3.c4 e5 4.Nc3 d6 5.d3 f5 6.Nf3 Nf6 7.O-O O-O 8.Rb1 h6 9.
b4 Nc6 10.b5 Ne7 11.Qb3 Be6 12.Nd2 Rb8 13.Qa3 Nc8 14.Bb2 Qd7 15.c5 d5 16.
Nf3 e4 17.c6 Qe8 18.cxb7 Rxb7 19.Nd4 Bf7 20.Qa6 Rb6 21.Qa5 c5 22.bxc6 Ng4 
23.Ncb5 Ne5 24.Nc7 Nxc6 25.Nxe8 Nxa5 26.Nxg7 Nd6 27.Bc3 Nab7 28.Nge6 Rc8 
29.Rxb6 axb6 30.Rc1 Bxe6 31.Nxe6 Nb5 32.Bb2 Rxc1+ 33.Bxc1 Nc3 34.Nd4 Nxa2 
35.Bxh6 1-0

[Event "zonal 1.2"]
[Site "Pula CRO"]
[Date "2000.04.11"]
[Round "1"]
[White "Weinzettl, Ernst"]
[Black "Mitkov, Nikola"]
[Result "1/2-1/2"]
[WhiteElo "2402"]
[BlackElo "2547"]
[EventDate "2000.04.11"]
[PlyCount "97"]

1.e4 e5 2.Nf3 Nc6 3.Nc3 Nf6 4.d4 exd4 5.Nxd4 Bb4 6.Nxc6 bxc6 7.Qd4 Qe7 8.
f3 d5 9.Bd2 O-O 10.O-O-O c5 11.Qf2 dxe4 12.a3 Bxc3 13.Bxc3 e3 14.Qg3 Bf5 
15.Qg5 Qe6 16.Bxf6 Qxf6 17.Qxf6 gxf6 18.Rd5 Bg6 19.Rxc5 Rfe8 20.Be2 Re7 
21.Rd1 Rb8 22.b4 Kg7 23.Rd4 Rb6 24.h4 h5 25.Kd1 Rbe6 26.f4 Re4 27.Rxe4 
Bxe4 28.g3 Rd7+ 29.Ke1 f5 30.Bb5 c6 31.Be2 Rd2 32.Rc3 Kh6 33.Rxe3 Rxc2 34.
g4 Rc1+ 35.Kf2 Rh1 36.g5+ Kg7 37.Bf3 Bxf3 38.Rxf3 Rxh4 39.Ke3 f6 40.gxf6+ 
Kxf6 41.Kd4 Ke6 42.Kc5 Kd7 43.a4 Kc7 44.Rg3 Rxf4 45.Rg7+ Kb8 46.a5 Rf1 47.
Rf7 Rc1+ 48.Kd6 a6 49.Rxf5 1/2-1/2

[Event "zonal 1.2"]
[Site "Pula CRO"]
[Date "2000.04.11"]
[Round "1"]
[White "Pavasovic, Dusko"]
[Black "Jakubovic, Nedzad"]
[Result "1/2-1/2"]
[WhiteElo "2544"]
[BlackElo "2368"]
[EventDate "2000.04.11"]
[PlyCount "56"]

1.e4 e5 2.Nf3 Nc6 3.d4 exd4 4.Nxd4 Bc5 5.Nxc6 Qf6 6.Qd2 dxc6 7.Nc3 Bd7 8.
Bd3 O-O-O 9.Na4 Bd6 10.Qa5 Qd4 11.O-O c5 12.Nc3 Kb8 13.Nb5 Bxb5 14.Qxb5 
Ne7 15.Be3 Qb4 16.f4 f6 17.Qxb4 cxb4 18.Rae1 Ng6 19.g3 Rhe8 20.h4 Nf8 21.
Kg2 h6 22.Bg1 Nd7 23.Rf3 Re7 24.g4 a5 25.Bh2 Rde8 26.Rfe3 Bc5 27.R3e2 Bd4 
28.b3 Bc3 1/2-1/2

[Event "zonal 1.2"]
[Site "Pula CRO"]
[Date "2000.04.11"]
[Round "1"]
[White "Bosnjak, Damir"]
[Black "Kurajica, Bojan"]
[Result "0-1"]
[WhiteElo "2000"]
[BlackElo "2530"]
[EventDate "2000.04.11"]
[PlyCount "54"]

1.e4 c5 2.Nf3 Nc6 3.d4 cxd4 4.Nxd4 Qb6 5.Nb3 Nf6 6.Nc3 e6 7.Be3 Qc7 8.a3 
a6 9.f3 b5 10.Qd2 Ne5 11.Qd4 d6 12.O-O-O Bd7 13.Bg5 Be7 14.f4 Nc6 15.Qd2 
b4 16.axb4 Nxb4 17.e5 Nfd5 18.Bxe7 Kxe7 19.Kb1 Rhb8 20.Nxd5+ Nxd5 21.c4 
Rxb3 22.cxd5 Rab8 23.dxe6 Rxb2+ 24.Qxb2 Rxb2+ 25.Kxb2 Qb6+ 26.Kc3 Qa5+ 27.
Kb2 Qb4+ 0-1

[Event "zonal 1.2"]
[Site "Pula CRO"]
[Date "2000.04.12"]
[Round "2"]
[White "Beliavsky, Alexander"]
[Black "Gabriel, Christian"]
[Result "1/2-1/2"]
[WhiteElo "2640"]
[BlackElo "2564"]
[EventDate "2000.04.11"]
[PlyCount "134"]

1.d4 d5 2.c4 e6 3.Nc3 Nf6 4.cxd5 exd5 5.Bg5 Be7 6.e3 O-O 7.Bd3 c6 8.Qc2 
Nbd7 9.Nf3 Re8 10.h3 Nf8 11.Bf4 a5 12.O-O g6 13.a3 Ne6 14.Bh2 Ng7 15.Rab1 
Bf5 16.b4 axb4 17.axb4 Bxd3 18.Qxd3 Bd6 19.Bxd6 Qxd6 20.b5 Nf5 21.Rfc1 Ne7
22.Qd1 Nd7 23.Ne2 Ra5 24.Nf4 Rea8 25.Qf1 Rc8 26.h4 h6 27.g3 Nf6 28.Rc2 Ne4
29.Nd2 Nxd2 30.Rxd2 Rca8 31.Rc2 Ra2 32.Qd1 Qa3 33.Rxa2 Qxa2 34.Nd3 Ra5 35.
bxc6 bxc6 36.Ne5 Kg7 37.Rc1 Qb2 38.Kg2 Nf5 39.Rc2 Qb3 40.Qc1 Ra1 41.Qb2 
Qxb2 42.Rxb2 Ne7 43.Rb7 Kf8 44.g4 f6 45.Nd3 g5 46.h5 Ra3 47.Nc5 Ra2 48.Rd7
f5 49.Rd6 fxg4 50.Rxh6 g3 51.Ne6+ Kg8 52.Rf6 Rxf2+ 53.Rxf2 gxf2 54.Nxg5 
Kg7 55.Ne6+ Kh6 56.Nf4 Kg5 57.Kxf2 Nf5 58.Ke2 Ng3+ 59.Kf3 Nf5 60.Nd3 Kxh5 
61.Kf4 Ne7 62.Nb4 Kg6 63.Ke5 Kf7 64.Na6 Nc8 65.Nb8 Ne7 66.Nd7 Nc8 67.Nf6 
Nb6 1/2-1/2

[Event "zonal 1.2"]
[Site "Pula CRO"]
[Date "2000.04.12"]
[Round "2"]
[White "Sermek, Drazen"]
[Black "Avrukh, Boris"]
[Result "1-0"]
[WhiteElo "2517"]
[BlackElo "2620"]
[EventDate "2000.04.11"]
[PlyCount "85"]

1.e4 c5 2.c3 d5 3.exd5 Qxd5 4.d4 Nf6 5.Nf3 Bg4 6.Qa4+ Bd7 7.Qb3 cxd4 8.
Nxd4 Nc6 9.Be3 Na5 10.Qxd5 Nxd5 11.Bc1 e5 12.Nb3 Nc6 13.N1d2 f5 14.g3 Be6 
15.Bg2 g5 16.O-O O-O-O 17.Re1 g4 18.Nc4 e4 19.Bg5 Rd7 20.Bf1 h6 21.Bh4 
Rhh7 22.h3 h5 23.Bg5 gxh3 24.Bh4 Rdg7 25.Kh2 Kc7 26.Bxh3 Be7 27.Rad1 Nf6 
28.Bxf6 Bxf6 29.Nd6 h4 30.Ne8+ Kb6 31.Nxf6 hxg3+ 32.fxg3 Rh6 33.Rd6 Rxf6 
34.Nd4 Rgg6 35.Rxe6 Rxe6 36.Nxe6 Rxe6 37.Bxf5 Rd6 38.Re2 e3 39.Kg2 Kc5 40.
Kf3 Rf6 41.g4 Ne7 42.Rxe3 Nxf5 43.Re5+ 1-0

[Event "zonal 1.2"]
[Site "Pula CRO"]
[Date "2000.04.12"]
[Round "2"]
[White "Hickl, Jorg"]
[Black "Huzman, Alexander"]
[Result "1/2-1/2"]
[WhiteElo "2556"]
[BlackElo "2574"]
[EventDate "2000.04.11"]
[PlyCount "43"]

1.g3 g6 2.Bg2 Bg7 3.c4 Nf6 4.Nc3 O-O 5.d3 d6 6.Nf3 c5 7.Rb1 Nc6 8.a3 a5 9.
O-O Ne8 10.Ne1 Bd7 11.Bd2 Rb8 12.Nc2 Nc7 13.b4 axb4 14.axb4 Nxb4 15.Nxb4 
cxb4 16.Rxb4 b5 17.cxb5 Nxb5 18.Nxb5 Rxb5 19.Rxb5 Bxb5 20.Qb3 Qd7 21.Rc1 
e6 22.Qa3 1/2-1/2

[Event "zonal 1.2"]
[Site "Pula CRO"]
[Date "2000.04.12"]
[Round "2"]
[White "Psakhis, Lev"]
[Black "Dizdarevic, Emir"]
[Result "1/2-1/2"]
[WhiteElo "2599"]
[BlackElo "2520"]
[EventDate "2000.04.11"]
[PlyCount "25"]

1.c4 e5 2.g3 Nf6 3.Bg2 Be7 4.Nc3 O-O 5.Nf3 d6 6.O-O Re8 7.d4 Nbd7 8.e4 c6 
9.d5 cxd5 10.cxd5 b5 11.a3 Nc5 12.Qc2 Bd7 13.b4 1/2-1/2

[Event "zonal 1.2"]
[Site "Pula CRO"]
[Date "2000.04.12"]
[Round "2"]
[White "Kurajica, Bojan"]
[Black "Palac, Mladen"]
[Result "1-0"]
[WhiteElo "2530"]
[BlackElo "2571"]
[EventDate "2000.04.11"]
[PlyCount "121"]

1.c4 Nf6 2.g3 e5 3.Bg2 d5 4.cxd5 Nxd5 5.Nf3 Nc6 6.O-O Nb6 7.b3 Bg4 8.Bb2 
f6 9.d4 exd4 10.Nxd4 Nxd4 11.Bxd4 c6 12.Qd3 Qe7 13.Qc2 Rd8 14.e3 Qe6 15.
Nd2 c5 16.Bb2 Nd5 17.a3 Be7 18.e4 Nb6 19.e5 Bf5 20.Be4 Bxe4 21.Nxe4 f5 22.
Nxc5 Bxc5 23.Qxc5 Qxb3 24.Rab1 Na4 25.Qc7 Qf7 26.Qa5 Nxb2 27.e6 Qf6 28.
Qb5+ Kf8 29.Rxb2 Qxe6 30.Qxb7 h5 31.Qxa7 Kg8 32.Rb6 Qe5 33.Qb7 Kh7 34.Qf7 
f4 35.gxf4 Qd5 36.Qg6+ Kg8 37.Re1 Rh6 38.Re8+ Rxe8 39.Qxe8+ Kh7 40.Rxh6+ 
Kxh6 41.Qe3 h4 42.h3 Qd1+ 43.Kh2 Qa4 44.Kg2 Qc2 45.Qe7 Kg6 46.Qxh4 Qe4+ 
47.Kh2 Kf7 48.Qh5+ g6 49.Qe5 Qf3 50.Qe3 Qd1 51.Qa7+ Kf6 52.a4 Qd6 53.Qe3 
Qc6 54.Qe5+ Kf7 55.a5 Qc2 56.Kg2 Qc6+ 57.Kh2 Qc2 58.Qd4 Qe2 59.Qa7+ Kf6 
60.Qb6+ Kf5 61.a6 1-0

[Event "zonal 1.2"]
[Site "Pula CRO"]
[Date "2000.04.12"]
[Round "2"]
[White "Hertneck, Gerald"]
[Black "Stanec, Nikolaus"]
[Result "1-0"]
[WhiteElo "2571"]
[BlackElo "2479"]
[EventDate "2000.04.11"]
[PlyCount "87"]

1.d4 Nf6 2.Nf3 g6 3.Nc3 d5 4.Bf4 c6 5.e3 Nbd7 6.h3 Bg7 7.Be2 O-O 8.O-O Ne8
9.e4 dxe4 10.Nxe4 Ndf6 11.Ned2 Nd6 12.Re1 Nf5 13.c3 a5 14.a4 Nd5 15.Bh2 
Nd6 16.Bf1 Bd7 17.Ne5 Bf5 18.Ra3 Nf6 19.g4 Bc8 20.c4 Nde8 21.Ndf3 Nc7 22.
Bg2 Ne6 23.Rd3 Qb6 24.Rb3 Qd8 25.Qd2 Nd7 26.Qe3 Nxe5 27.dxe5 Qc7 28.c5 Rd8
29.Bf1 Rd5 30.Rc3 Qd8 31.Rcc1 Qf8 32.Nd2 Qd8 33.Nb3 Nd4 34.Bc4 Nxb3 35.
Qxb3 Be6 36.Qxb7 Rb8 37.Qxc6 Rxb2 38.Bxd5 Bxd5 39.Rcd1 e6 40.Rxd5 Qxd5 41.
Qxd5 exd5 42.Rd1 Bf8 43.Rxd5 Rc2 44.c6 1-0

[Event "zonal 1.2"]
[Site "Pula CRO"]
[Date "2000.04.12"]
[Round "2"]
[White "Nedev, Trajce"]
[Black "Pavasovic, Dusko"]
[Result "0-1"]
[WhiteElo "2483"]
[BlackElo "2544"]
[EventDate "2000.04.11"]
[PlyCount "106"]

1.e4 e5 2.Nf3 Nc6 3.d4 exd4 4.Nxd4 Bc5 5.Be3 Qf6 6.c3 Nge7 7.Bc4 Ne5 8.Be2
Qg6 9.O-O d6 10.f3 O-O 11.Kh1 d5 12.Nd2 dxe4 13.fxe4 Ng4 14.Bf4 Bd6 15.Nc4
Bxf4 16.Rxf4 Nf6 17.Qf1 Qg5 18.h4 Qg3 19.Ne5 Ng6 20.Nxg6 hxg6 21.Rd1 Ng4 
22.Bxg4 Bxg4 23.Rd3 Qxh4+ 24.Kg1 Qh5 25.Rg3 Bd7 26.Nf3 Qc5+ 27.Kh2 Rae8 
28.Rh4 Re7 29.Qe1 Rfe8 30.b4 Qc4 31.e5 Qxa2 32.Qe4 Bf5 33.Qxb7 c5 34.Qb5 
cxb4 35.Rxb4 Qe6 36.Qa4 Rc8 37.Rd4 Rec7 38.Rd6 Qc4 39.Qd1 Re7 40.Qd2 Ree8 
41.Qg5 Qxc3 42.Qh4 Rc4 43.Rd4 Rxd4 44.Nxd4 Qc7 45.Nf3 Qe7 46.Qf4 a5 47.Rg5
Qb4 48.Rxf5 gxf5 49.Qxf5 Re6 50.g4 Rc6 51.Kg3 Rc3 52.Kh4 Qb7 53.e6 Qxf3 
0-1

[Event "zonal 1.2"]
[Site "Pula CRO"]
[Date "2000.04.12"]
[Round "2"]
[White "Mitkov, Nikola"]
[Black "Golubovic, Boris"]
[Result "1-0"]
[WhiteElo "2547"]
[BlackElo "2449"]
[EventDate "2000.04.11"]
[PlyCount "67"]

1.e4 d5 2.exd5 Qxd5 3.Nc3 Qa5 4.d4 Nf6 5.Bc4 Bg4 6.f3 Bh5 7.Ne2 Nc6 8.Bd2 
O-O-O 9.a3 Nxd4 10.Nb5 Qb6 11.Nbxd4 Rxd4 12.Nxd4 Qxd4 13.Qe2 Qxb2 14.O-O 
e6 15.Rab1 Qd4+ 16.Be3 Qe5 17.Qf2 Bd6 18.g3 Bg6 19.Bd4 Qa5 20.Rb3 b6 21.
Bb5 Nd5 22.c4 e5 23.c5 Be7 24.Bxe5 Bxc5 25.Bd4 Bxd4 26.Qxd4 Rd8 27.Rc1 c5 
28.Bf1 Nc7 29.Bh3+ Ne6 30.Qxg7 Qa6 31.Qe5 Qa4 32.Bxe6+ fxe6 33.Rxc5+ bxc5 
34.Qxc5+ 1-0

[Event "zonal 1.2"]
[Site "Pula CRO"]
[Date "2000.04.12"]
[Round "2"]
[White "Slobodjan, Roman"]
[Black "Kutuzovic, Branko"]
[Result "1/2-1/2"]
[WhiteElo "2566"]
[BlackElo "2432"]
[EventDate "2000.04.11"]
[PlyCount "94"]

1.e4 e5 2.Nf3 Nf6 3.d3 Nc6 4.Be2 d5 5.Nbd2 g6 6.c3 Bg7 7.b4 a6 8.O-O O-O 
9.Re1 Re8 10.Rb1 b6 11.Bf1 Bb7 12.Qc2 Qd7 13.a3 Rad8 14.Bb2 h6 15.Rbd1 Nh7
16.g3 Ng5 17.Bg2 Nxf3+ 18.Nxf3 dxe4 19.dxe4 Qe6 20.Bc1 Rxd1 21.Rxd1 Rd8 
22.Nd2 Na7 23.Nf1 Rxd1 24.Qxd1 Qe7 25.Ne3 Nb5 26.Qd3 Qd6 27.Qc2 Qc6 28.Nd5
Qd6 29.a4 Na7 30.Qe2 Nc8 31.Qc4 c6 32.Ne3 b5 33.Qb3 Bf8 34.axb5 cxb5 35.
Qd1 Qxd1+ 36.Nxd1 Nd6 37.f3 f5 38.Nf2 Kf7 39.Nd3 Nc4 40.Kf2 Kf6 41.Ke2 Bc6
42.Nf2 h5 43.Nd3 fxe4 44.fxe4 g5 45.h4 g4 46.Bg5+ Ke6 47.Nc1 a5 1/2-1/2

[Event "zonal 1.2"]
[Site "Pula CRO"]
[Date "2000.04.12"]
[Round "2"]
[White "Gallagher, Joseph"]
[Black "Weinzettl, Ernst"]
[Result "1/2-1/2"]
[WhiteElo "2558"]
[BlackElo "2402"]
[EventDate "2000.04.11"]
[PlyCount "52"]

1.e4 e6 2.d4 d5 3.Nc3 Nf6 4.Bg5 Be7 5.e5 Nfd7 6.Bxe7 Qxe7 7.f4 O-O 8.Nf3 
c5 9.Qd2 Nc6 10.dxc5 f6 11.exf6 Qxf6 12.g3 Nxc5 13.O-O-O Rd8 14.Bd3 Bd7 
15.Rhe1 Rac8 16.Kb1 Be8 17.Qf2 Nxd3 18.Rxd3 Bg6 19.Rd2 Na5 20.Qd4 Nc4 21.
Rde2 Qf8 22.Ne5 Qb4 23.Nxc4 Rxc4 24.Qe5 Rc6 25.a3 Qc4 26.Rd2 Rdc8 1/2-1/2

[Event "zonal 1.2"]
[Site "Pula CRO"]
[Date "2000.04.12"]
[Round "2"]
[White "Jakubovic, Nedzad"]
[Black "Lutz, Christopher"]
[Result "1/2-1/2"]
[WhiteElo "2368"]
[BlackElo "2587"]
[EventDate "2000.04.11"]
[PlyCount "71"]

1.e4 c5 2.Nc3 Nc6 3.f4 g6 4.Nf3 Bg7 5.Bc4 e6 6.f5 Nge7 7.fxe6 dxe6 8.d3 
Nd4 9.O-O O-O 10.Nxd4 cxd4 11.Ne2 Nc6 12.Qe1 Na5 13.Bb5 a6 14.Ba4 b5 15.
Bd2 Nb7 16.Bb3 a5 17.a3 Bd7 18.Qg3 Rc8 19.Rac1 Nc5 20.Ba2 b4 21.axb4 axb4 
22.Bxb4 Qb6 23.Qe1 Ra8 24.Bc4 Rfc8 25.b3 Be8 26.Kh1 Nd7 27.Bd2 Ne5 28.Qh4 
Ra2 29.Bh6 Qd8 30.Bg5 Qd6 31.h3 Nxc4 32.bxc4 e5 33.Be7 Qe6 34.Ng3 Rc6 35.
c5 f6 36.Bd6 1/2-1/2

[Event "zonal 1.2"]
[Site "Pula CRO"]
[Date "2000.04.12"]
[Round "2"]
[White "Grosar, Aljosa"]
[Black "Ekstrom, Roland"]
[Result "1/2-1/2"]
[WhiteElo "2449"]
[BlackElo "2498"]
[EventDate "2000.04.11"]
[PlyCount "29"]

1.e4 e6 2.d4 d5 3.e5 c5 4.c3 Nc6 5.Nf3 Bd7 6.Be2 Rc8 7.O-O a6 8.Re1 Nh6 9.
dxc5 Bxc5 10.Bxh6 gxh6 11.Qd2 Qb6 12.Bd3 Bf8 13.Qe2 Bg7 14.Nbd2 O-O 15.Nb3
1/2-1/2

[Event "zonal 1.2"]
[Site "Pula CRO"]
[Date "2000.04.12"]
[Round "2"]
[White "Pelletier, Yannick"]
[Black "Bosnjak, Damir"]
[Result "1/2-1/2"]
[WhiteElo "2478"]
[BlackElo "2000"]
[EventDate "2000.04.11"]
[PlyCount "52"]

1.d4 d6 2.Nf3 g6 3.c4 Bg7 4.Nc3 e5 5.dxe5 dxe5 6.Qxd8+ Kxd8 7.Bd2 Be6 8.
O-O-O Nd7 9.e3 h6 10.h3 a5 11.g4 Kc8 12.Nb5 Ngf6 13.Be1 Ne4 14.Nd2 Nec5 
15.f3 Nb6 16.b3 Rd8 17.Kc2 c6 18.Nc3 Kc7 19.Bg3 f5 20.Be2 Re8 21.Bh2 Rad8 
22.Rhg1 g5 23.Rge1 Kc8 24.e4 f4 25.Bg1 Nbd7 26.Bf2 h5 1/2-1/2

[Event "zonal 1.2"]
[Site "Pula CRO"]
[Date "2000.04.13"]
[Round "3"]
[White "Huzman, Alexander"]
[Black "Mitkov, Nikola"]
[Result "1/2-1/2"]
[WhiteElo "2574"]
[BlackElo "2547"]
[EventDate "2000.04.11"]
[PlyCount "75"]

1.d4 Nf6 2.c4 e6 3.Nc3 Bb4 4.Qc2 d5 5.cxd5 exd5 6.Bg5 h6 7.Bh4 c5 8.dxc5 
Be6 9.e3 Nbd7 10.Bb5 Rc8 11.Ne2 Rxc5 12.Bxd7+ Bxd7 13.Qb3 Rc4 14.Bxf6 Qxf6
15.O-O Bc6 16.Rad1 Bxc3 17.Nxc3 Qe6 18.Qa3 a6 19.Rd3 f6 20.Rfd1 Kf7 21.h3 
Rd8 22.b3 Rh4 23.Qa5 Rd7 24.e4 d4 25.Rxd4 Rxd4 26.Rxd4 Kg8 27.Qc5 Kh7 28.
Rd6 Qe8 29.Qd4 Qg6 30.Re6 Rxh3 31.Nd5 Bxd5 32.Qxd5 Rh5 33.Qd2 Qg4 34.Re7 
Qh4 35.Rxg7+ Kxg7 36.Qd7+ Kf8 37.Qd8+ Kf7 38.Qd7+ 1/2-1/2

[Event "zonal 1.2"]
[Site "Pula CRO"]
[Date "2000.04.13"]
[Round "3"]
[White "Dizdarevic, Emir"]
[Black "Slobodjan, Roman"]
[Result "1/2-1/2"]
[WhiteElo "2520"]
[BlackElo "2566"]
[EventDate "2000.04.11"]
[PlyCount "31"]

1.Nf3 Nf6 2.g3 g6 3.b3 Bg7 4.Bb2 O-O 5.Bg2 d5 6.c4 c6 7.O-O Re8 8.Qc2 Nbd7
9.Nc3 Nf8 10.d4 Bf5 11.Qd2 Ne4 12.Nxe4 Bxe4 13.Rfd1 a5 14.Qe3 Qb6 15.cxd5 
cxd5 16.Bh3 1/2-1/2

[Event "zonal 1.2"]
[Site "Pula CRO"]
[Date "2000.04.13"]
[Round "3"]
[White "Gabriel, Christian"]
[Black "Sermek, Drazen"]
[Result "1/2-1/2"]
[WhiteElo "2564"]
[BlackElo "2517"]
[EventDate "2000.04.11"]
[PlyCount "56"]

1.d4 Nf6 2.c4 c5 3.d5 b5 4.cxb5 a6 5.bxa6 g6 6.Nc3 Bxa6 7.e4 Bxf1 8.Kxf1 
d6 9.Nf3 Bg7 10.h3 O-O 11.Kg1 Nbd7 12.Kh2 Qa5 13.Re1 Rfb8 14.Qc2 Ne8 15.
Bd2 Nc7 16.Nd1 Qa4 17.Qc1 Nb5 18.Nc3 Qa6 19.a4 Nc7 20.Ra3 Rb6 21.Nd1 Rab8 
22.Bc3 Bxc3 23.bxc3 Qd3 24.Qe3 c4 25.Ra2 Rb1 26.Rd2 Qxe3 27.Nxe3 Rxe1 28.
Nxe1 Ra8 1/2-1/2